000 00956cam a2200277Ia 4500
008
020 _a0521475724 (pbk.)
049 _aMAIN
090 _aQA380
100 1 _aPalis, Jacob.
245 1 0 _aHyperbolicity and sensitive chaotic dynamics at homoclinic bifurcations :
_bfractal dimensions and infinitely many attractors /
_cJacob Palis, Floris Takens.
260 _aCambridge :
_bCambridge University Press,
_c1995.
300 _ax, 234 p. :
_bill. ;
_c24 cm.
440 0 _aCambridge studies in advanced mathematics ;
_v35
500 _aIncludes index.
504 _aIncludes bibliographical references.
650 0 _aBifurcation theory.
650 0 _aDifferentiable dynamical systems.
650 0 _aChaotic behavior in systems.
700 1 _aTakens, Floris.
907 _a.b10040328
_b05-09-05
_c17-04-03
003
005 20230123133207.0
040 _cNUST
942 _cBOOKS
_kQA380
999 _c144348
_d144348